000
00293nam a2200133Ia 4500
008
191201s2019 xx 000 0 und d
020
_a
9789353066697
100
_a
DUTT, Saikat
245
0
_a
Machine Learning
260
_b
Pearson
_c
2019
300
_a
428
650
_a
MCA
942
_2
ddc
_c
BK
999
_c
6826
_d
6826